000 00634nam a2200193 a 4500
005 20240806063833.0
008 991125s1986 mx 000 0 spa u
035 _aUPN01000002489
049 _aF
050 4 _aPQ7297 R89
_bA469
100 1 _aRulfo, Juan,
_d1918-1986
245 1 0 _aAmo ti kim kaki keno tlauajuanouaj on chichime = No oyes ladrar los perros /
_cJuan Rulfo ; tr. Emerenciana Herrera Leyva.
260 _aMéxico :
_bINI,
_c1986.
300 _a14 p. :
_bil.
440 0 _aCuadernos literarios lengua náhuatl ;
_vVII-2
500 _aDatos tomados de la cubierta
650 4 _aLiteratura mexicana
_94466
905 _aLibro
999 _c2489
_d2489